000 00652nam a2200241Ia 4500
003 OSt
005 20220918195104.0
006 a|||||r|||| 00| 0
007 ta
008 220917b |||||||| |||| 00| 0 eng d
024 _a83,405
037 _cTextual
040 _aARTS
_cARTS
_beng
041 _2eng
_aeng
082 _aS6:86, K52
100 _aZeigarnik Blyuma Vul'fova
_988938
245 0 _aPathology of thinking
260 _c1965
490 _aInternational behavioural science series ed by Joseph Wortis
650 _aPSYCHOLOGY
942 _hS6:86, K52
_cTEXL
_2CC
999 _c207120
_d207120